00350nam a22001577a 4500003000400000020002100004082001300025100001800038245004300056250000900099260002700108300000800135650002000143942001200163999001700175SGT a978-8-239-0902-8 a615bCAR aCARTER, S.J.  aDISPENSING FOR PHARMACEUTICAL STUDENTS a12TH aINDIAbCBS PUB. c2008 a759 aPHARMACEUTICAL  2ddccBK c32874d32875